| 000 | 01228nam0a22002771 4500 | ||
|---|---|---|---|
| 001 | rc\3266728 | ||
| 005 | 20260408074033.0 | ||
| 021 |
_aRU _b73-14359 |
||
| 021 |
_aRU _bРг5890-73 |
||
| 035 | _a(NLR Aleph) 007389965 | ||
| 090 |
_a6600021 _c6600021 |
||
| 100 | _a20130115d1972 |||y0rusy50 ca | ||
| 101 | 0 | _arus | |
| 102 | _aRU | ||
| 105 | _ay z ||||| | ||
| 200 | 1 |
_aУчастие санитарного актива в мероприятиях по профилактике острых кишечных заболеваний _e(Метод. письмо) _fЦК О-ва Красного Полумесяца Узбекистана. Респ. дом сан. просвещения М-ва здравоохранения УзССР |
|
| 210 |
_aТашкент _cМедицина, УзССР _d1972 |
||
| 215 |
_a8 с. _d20 |
||
| 300 | _aНа обороте тит. л. сост.: В.Ш. Ташев | ||
| 702 | 1 |
_aТашев _bВ.Ш. _4220 |
|
| 712 | 0 | 2 |
_aУзбекский республиканский дом санитарного просвещения _cТашкент _3RU\NLR\AUTH\8810065313 _9632219 |
| 801 | 0 |
_aRU _bNLR _gpsbo |
|
| 801 | 1 |
_aRU _bELAR _2rusmarc |
|
| 852 |
_aNLR _j73-4/11666 |
||
| 942 | _cBOOK | ||
| 980 | _aNB | ||